000 00493nam a2200193 a 4500
005 20140412111234.0
008 000829s19uu xx 00 eng d
020 _a0-7496-0645-2
050 _aREF 030
_bFi44Su 1992
100 _aPalmer, Joy
245 _aFirst starts :
_cAndrew Charman.
_bsunshine /
260 _aLondon :
_bWatts Books,
_c1992.
300 _a32 p.
440 _aFirst Starts
500 _aIncludes index
650 _aSciences
650 _aWeather
999 _c102337
_d102337